00326nam a2200109Ia 450000500170000000800410001710000350005824500740009326000130016730000110018065000250019120260328101455.0260328s9999||||xx |||||||||||||| ||und|| adel Toro Gaytán, Martha Ruth 0aEdificación sustentable en Jalisco /cMartha Ruth del Toro Gaytán bPrometeo a302 p. aARQUITECTURA Y CLIMA